BIA - Alphabet aéronautique - Statistiques

Statistiques générales
  • Ce quiz a été pris 3 725 fois
    2 539 depuis la dernière actualisation
  • Le résultat moyen est 18 sur 26
Statistiques - réponses
Alphabet Code international % Correct
A Alpha
99%
C Charlie
93%
D Delta
91%
B Bravo
88%
F Foxtrot
78%
E Echo
77%
J Juliet
73%
L Lima
72%
P Papa
72%
H Hotel
68%
I India
68%
G Golf
67%
K Kilo
67%
R Romeo
64%
T Tango
64%
N November
60%
X X-Ray
60%
S Sierra
59%
O Oscar
58%
Z Zulu
58%
M Mike
56%
W Whisky
55%
Y Yankee
55%
Q Quebec
53%
U Uniform
48%
V Victor
47%
Aucun quiz correspondant
Distribution des résultats
% des personnes avec chaque résultat
Percentile par nombre de réponses
Votre historique - résultats
Vous n’avez pas pris ce quiz depuis la dernière actualisation